| 000 | 01352nam a2200349 i 4500 | ||
|---|---|---|---|
| 005 | 20210818182401.0 | ||
| 008 | 201007e2019 ck a jr 000 0 spa d | ||
| 020 | _a9789588487465 | ||
| 040 |
_aCOMFC _bspa _ccobobit _erda |
||
| 041 | _aspa | ||
| 082 | 0 | 1 |
_a155.4 _bD671r |
| 100 |
_955861 _aDomínguez Rojas, Ana Lorena _eaut |
||
| 245 | 1 | 0 |
_aReviviendo el aula _bel camino de la afectividad _cAna Lorena Domínguez Rojas y otros tres ; ilustraciones Juan Carlos Salcedo |
| 250 | _aPrimera edición | ||
| 264 | 0 | 1 |
_aPereira _bUniversidad Católica de Pereira _c2019 |
| 300 |
_a35 páginas _bilustraciones _c32 cm |
||
| 336 |
_2rdacontent _atxt |
||
| 337 |
_2rdamedia _an |
||
| 338 |
_2rdacarrier _anc |
||
| 504 | _aIncluye referencias bibliográficas | ||
| 650 | 0 |
_913373 _aEmociones |
|
| 650 | 0 |
_955862 _aCognición Situada |
|
| 650 | 0 |
_955863 _aAprendizaje Colaborativo |
|
| 650 | 0 |
_919740 _aIntersubjetividad |
|
| 650 | 0 |
_928679 _aPsicologia Infantil _vEnseñanza |
|
| 700 |
_955864 _aDurango, María Fernanda _eaut |
||
| 700 |
_955865 _aEcheverri Llano, Martín _eaut |
||
| 700 |
_955866 _aHenao, Jhon Gelmer _eaut |
||
| 700 |
_955867 _aSalcedo, Juan Carlos _eilustrador |
||
| 830 |
_954302 _aDepósito Legal - Sala de Patrimonio Bibliográfico y Documental de Risaralda |
||
| 942 |
_2ddc _h155.4 D671r _k155.4 _mD671r |
||
| 999 |
_c15941 _d15941 |
||